| 000 | 00528nam a22001937a 4500 | ||
|---|---|---|---|
| 999 |
_c7729 _d7729 |
||
| 003 | OSt | ||
| 005 | 20220222103548.0 | ||
| 008 | 220222b ||||| |||| 00| 0 eng d | ||
| 020 | _a9789004180314 | ||
| 040 | _cDDC | ||
| 082 | _a304.8 MIG 2010 | ||
| 100 |
_aJan, Lucassen _915775 |
||
| 245 |
_aMigration history in world history _b: multi disciplinary approaches |
||
| 260 |
_aBoston _b: brill _c2010 |
||
| 300 |
_aviii,289p. _c; 25 cm |
||
| 504 | _aReferences Index | ||
| 650 |
_aMigration history _915776 |
||
| 942 |
_2ddc _cBOOK |
||